| 000 | 00763nam a22002417a 4500 | ||
|---|---|---|---|
| 005 | 20170124110218.0 | ||
| 010 | _a692032 | ||
| 020 |
_c00.00 _a0713902361 |
||
| 035 | _a692032 | ||
| 037 | _bCen Lib/Ret | ||
| 040 |
_aDPL _bEN |
||
| 082 |
_a940.53 _bCAL |
||
| 100 |
_aCalvocoressi, Peter _939488 |
||
| 245 |
_aTotal war : _cby Peter Calvocoressi [and] Guy Wint _bthe story of World War II / |
||
| 260 |
_aLondon _bAllen Lane The Penguin Press _c1972 |
||
| 270 |
_a74 Grosvenor Street _bLondon |
||
| 300 |
_axiii, 959p. : _c22cm(Hb) _bill. |
||
| 500 | _aIncludes bibliographical references and index | ||
| 650 |
_aWorld War, 1939-1945 _917212 |
||
| 650 |
_aTotal war _939489 |
||
| 700 |
_aWint, Guy _939490 |
||
| 942 |
_2ddc _cEN _h940.53 _mCAL |
||
| 999 |
_c133997 _d133997 |
||